'Studentification' strikes (Record no. 80204)
[ view plain ]
| 000 -LEADER | |
|---|---|
| fixed length control field | 00984cab a22002055a 4500 |
| 001 - CONTROL NUMBER | |
| control field | L143483 |
| 008 - FIXED-LENGTH DATA ELEMENTS--GENERAL INFORMATION | |
| fixed length control field | 080514e20080509xxkd f s 000 0 eng d |
| 035 ## - SYSTEM CONTROL NUMBER | |
| System control number | (Sirsi) u143483 |
| 041 0# - LANGUAGE CODE | |
| Language code of text/sound track or separate title | eng |
| 100 1# - MAIN ENTRY--PERSONAL NAME | |
| Personal name | Daly, Jacqui |
| 245 00 - TITLE STATEMENT | |
| Title | 'Studentification' strikes |
| 260 ## - PUBLICATION, DISTRIBUTION, ETC. | |
| Date of publication, distribution, etc. | 2008 |
| 490 ## - SERIES STATEMENT | |
| Series statement | Property Week |
| Volume/sequential designation | 73(19) 9 May 2008, 44(1) |
| 520 ## - SUMMARY, ETC. | |
| Summary, etc. | Warns that due to the rise in student numbers, the supply of student accommodation is falling behind demand. The government has recognised this and is reviewing management and living conditions in houses of multiple occupation, amid concerns regarding studentification of certain areas of towns and cities. Charts show the breakdown of types of student accommodation in major cities. Argues that the planning system has a key role to play in restoring balance. |
| 590 ## - LOCAL NOTE (RLIN) | |
| Local note | KA |
| 651 #4 - SUBJECT ADDED ENTRY--GEOGRAPHIC NAME | |
| Geographic name | United Kingdom |
| Chronological subdivision | |
| 690 ## - LOCAL SUBJECT ADDED ENTRY--TOPICAL TERM (OCLC, RLIN) | |
| Topical term or geographic name as entry element | Residential property |
| 9 (RLIN) | 6266 |
| 690 ## - LOCAL SUBJECT ADDED ENTRY--TOPICAL TERM (OCLC, RLIN) | |
| Topical term or geographic name as entry element | PROPERTY-OTHER PROPERTY TYPES-HALLS OF RESIDENCE |
| 942 ## - ADDED ENTRY ELEMENTS (KOHA) | |
| Suppress in OPAC | 0 |
| Withdrawn status | Lost status | Source of classification or shelving scheme | Damaged status | Not for loan | Home library | Current library | Shelving location | Date acquired | Total Checkouts | Full call number | Barcode | Date last seen | Copy number | Price effective from | Koha item type |
|---|---|---|---|---|---|---|---|---|---|---|---|---|---|---|---|
| Dewey Decimal Classification | London | London | Journal article | 14/05/2008 | L143483 | 143483-1001 | 06/08/2019 | 1 | 06/08/2019 | Journal article |